000 00293nam a22001337a 4500
008 171107b xxu||||| |||| 00| 0 eng d
020 _a9780673999887
041 _aeng
080 _25TH
_a330.322
100 _a63
101 _aINV
245 _aINVESTIMENT
_cRADCLIFFE,R.C
942 _2udc
_cBK
999 _c38127
_d38127